| 000 | 03517nam0a2200505 4500 | ||
|---|---|---|---|
| 001 | RU\NLR\BIBL_A\011957149 | ||
| 005 | 20250809113101.0 | ||
| 020 |
_aRU _9Ленинград в Великой Отечественной войне. Коллекция. Афиши |
||
| 035 | _a(NLR Aleph) 011957149 | ||
| 090 |
_a66487 _c66487 |
||
| 100 | _a20190312d1944 u y0rusy50 ca | ||
| 101 | 0 | _arus | |
| 102 | _aRU | ||
| 105 | _ay z 000zy | ||
| 135 | _acrcn 024anaba | ||
| 200 | 1 |
_aВечер исполнительницы старинного романса и песни Марии Казимировны Наровской, Август 1944 г., 31, Четверг _e[афиша] _fУправление по делам искусств Исполкома Ленгорсовета, Сад отдыха, Ленгосэстрада |
|
| 210 |
_a[Ленинград] _cЛТ УН-9 _d1944 |
||
| 215 |
_a1 л. _d57х75 |
||
| 300 | _aКасса открыта с 12 до 20 час. Начало в 19 ч. 30 м. Ежедневно работает читальн. зал. Ежедневно с 18 ч. концерты духов. орк. под управл. дириж. Н. И. Маслова. В саду работает ресторан. Вход в сад 2 руб. Купившие билеты в театр за вход в сад не платят | ||
| 300 | _aЗак. 2066 | ||
| 325 | _aКопия доступна в Электрон. б-ке РНБ | ||
| 327 | _aВ вечере принимают участие: Джон Данкер (гавайская гитара); Михаил Степанов и С. Лакони (иккарийские игры); Н. Г. Волчков (пение); Маргарита Шварц (танец); И. Плюто и Ю. Юрьевский (скетч); 2 Степановы и Лакони (ролики); Мария Дот (рассказы). Партия рояля исполн. А. А. Люблинский | ||
| 606 | 1 |
_aТеатральная жизнь _yЛенинград, город _z1941 - 1944 _jАфиши _2nlr_sh2 _3RU\NLR\AUTH\6601649837 |
|
| 686 | _aЩ333(2Р=Рус)7-692Ленинград | ||
| 702 | 1 |
_aНаровская _bМ. К. _cпевица _f1905-1973 _gМария Казимировна _3RU\NLR\AUTH\770202070 _4721 |
|
| 702 | 1 |
_aМаслов _bН. И. _cдирижер _3RU\NLR\AUTH\770202007 _4250 |
|
| 712 | 0 | 2 |
_aЛенинградская государственная эстрада _3RU\NLR\AUTH\880495396 _4570 |
| 712 | 0 | 2 |
_aСад отдыха _cЛенинград _3RU\NLR\AUTH\880496595 _4570 |
| 852 |
_aNLR _jЛ3-330а/23-1/3/1944-авг.(6) |
||
| 856 | 0 | _uhttp://vivaldi.nlr.ru/ll000010670/view | |
| 856 | 1 | _uhttp://vivaldi.nlr.ru/ll000010670/cover | |
| 856 | 2 | _uhttp://vivaldi.nlr.ru/ll000010670/text | |
| 942 | _cVISUAL | ||
| 945 | _aРоссийская национальная библиотека | ||
| 980 | _aNB | ||
| 980 | _aBV | ||
| 980 | 3 | _akplen | |
| 980 | 3 | _akp | |
| 981 | 3 | 7 |
_a(37) Ленинград в Великой Отечественной войне _b(37) Афиши блокадного Ленинграда |